<?xml version="1.0" encoding="UTF-8"?>
<record
    xmlns:xsi="http://www.w3.org/2001/XMLSchema-instance"
    xsi:schemaLocation="http://www.loc.gov/MARC21/slim http://www.loc.gov/standards/marcxml/schema/MARC21slim.xsd"
    xmlns="http://www.loc.gov/MARC21/slim">

  <leader>01923    a2200253   4500</leader>
  <controlfield tag="001">48110</controlfield>
  <controlfield tag="005">20260407155747.0</controlfield>
  <controlfield tag="008">260407a2007    arg                 spa d</controlfield>
  <controlfield tag="003">AR-UNSa-BCEJYS</controlfield>
  <datafield tag="040" ind1=" " ind2=" ">
    <subfield code="a">AR-UNSa-BCEJYS</subfield>
    <subfield code="b">spa</subfield>
    <subfield code="c">AR-UNSa-BCEJYS</subfield>
  </datafield>
  <datafield tag="080" ind1=" " ind2=" ">
    <subfield code="a">512.64</subfield>
    <subfield code="x">Algebra lineal y multilineal</subfield>
  </datafield>
  <datafield tag="245" ind1="1" ind2="0">
    <subfield code="a">&#xC1;lgebra y geometr&#xED;a lineal</subfield>
  </datafield>
  <datafield tag="020" ind1=" " ind2=" ">
    <subfield code="a">978-84-291-5038-4</subfield>
  </datafield>
  <datafield tag="264" ind1=" " ind2="1">
    <subfield code="a">Barcelona :</subfield>
    <subfield code="b">Revert&#xE9;</subfield>
    <subfield code="c">2007</subfield>
  </datafield>
  <datafield tag="300" ind1=" " ind2=" ">
    <subfield code="a">508 p.</subfield>
    <subfield code="c">24 cm.</subfield>
  </datafield>
  <datafield tag="505" ind1=" " ind2=" ">
    <subfield code="a">1. Vectores libres - 2. Espacios vectoriales - 3. Subespacios vectoriales - 4. Sistemas generadores - 5. Espacios de generaci&#xF3;n finita - 6. Aplicaciones lineales - 7. Suma directa - 8. Dimensi&#xF3;n y codimensi&#xF3;n de subespacios - 9. Espacios cociente - 10. Subespacios y aplicaciones afines - 11. Matrices y sus operaciones - 12. Rango de una matriz - 13. Determinantes - 14. Aplicaciones lineales en dimensi&#xF3;n finita - 15. Sistemas lineales - 16. Dualidad - 17. Trasposici&#xF3;n de aplicaciones lineales - 18. Cambios de bases - 19. Equivalencia y semejanza de matrices - 20. Clasificaci&#xF3;n de endomorfismos lineales. Preliminares - 21. Autovalores y autovectores de un endomorfismo lineal - 22. Triangularizaci&#xF3;n y diagonalizaci&#xF3;n de endomorfismos - 23. Polinomio m&#xED;nimo de un endomorfismo - 24. Descomposici&#xF3;n primaria - 25. Introducci&#xF3;n a las formas de Jord&#xE1;n - 26. Endomorfismos nilpotentes  - 27. El Teorema de Jord&#xE1;n - 28. Espacios vectoriales complejos - 29. Endomorfismos de espacios reales - 30. Espacios afines - 31. Coordenadas en espacios afines - 32. Aplicaciones afines - 33. El grupo af&#xED;n. Cambio de coordenadas - 34. Simetr&#xED;as, traslaciones y homotecias.</subfield>
  </datafield>
  <datafield tag="041" ind1=" " ind2=" ">
    <subfield code="a">spa</subfield>
  </datafield>
  <datafield tag="942" ind1=" " ind2=" ">
    <subfield code="c">BK</subfield>
  </datafield>
  <datafield tag="590" ind1=" " ind2=" ">
    <subfield code="a">niveau_biblio:m niveau_hierar:0</subfield>
  </datafield>
  <datafield tag="100" ind1="1" ind2=" ">
    <subfield code="a">R&#xED;der, Alfonso</subfield>
  </datafield>
  <datafield tag="700" ind1="1" ind2=" ">
    <subfield code="a">Raya, Andr&#xE9;s</subfield>
  </datafield>
  <datafield tag="700" ind1="1" ind2=" ">
    <subfield code="a">Rubio, Rafael</subfield>
  </datafield>
  <datafield tag="856" ind1="4" ind2="1">
    <subfield code="u">https://www.biblioeco.unsa.edu.ar/pmb/images/libros/L127853.jpg</subfield>
    <subfield code="y">Imagen de portada</subfield>
    <subfield code="q">image/jpeg</subfield>
  </datafield>
  <datafield tag="999" ind1=" " ind2=" ">
    <subfield code="c">4549</subfield>
    <subfield code="d">4549</subfield>
  </datafield>
  <datafield tag="952" ind1=" " ind2=" ">
    <subfield code="0">0</subfield>
    <subfield code="1">0</subfield>
    <subfield code="4">0</subfield>
    <subfield code="7">0</subfield>
    <subfield code="a">BCEJYS</subfield>
    <subfield code="b">BCEJYS</subfield>
    <subfield code="c">16</subfield>
    <subfield code="d">2026-04-07</subfield>
    <subfield code="l">0</subfield>
    <subfield code="o">512.64 R263</subfield>
    <subfield code="p">L127853</subfield>
    <subfield code="r">2026-04-07 15:57:47</subfield>
    <subfield code="w">2026-04-07</subfield>
    <subfield code="y">L</subfield>
  </datafield>
  <datafield tag="952" ind1=" " ind2=" ">
    <subfield code="0">0</subfield>
    <subfield code="1">0</subfield>
    <subfield code="4">0</subfield>
    <subfield code="7">0</subfield>
    <subfield code="a">BCEJYS</subfield>
    <subfield code="b">BCEJYS</subfield>
    <subfield code="c">16</subfield>
    <subfield code="d">2026-04-07</subfield>
    <subfield code="l">0</subfield>
    <subfield code="o">512.64 R263</subfield>
    <subfield code="p">L128126</subfield>
    <subfield code="r">2026-04-07 15:57:47</subfield>
    <subfield code="w">2026-04-07</subfield>
    <subfield code="y">L</subfield>
  </datafield>
</record>
